书目信息 |
| 题名: |
新编教育学教程
|
|
| 作者: | 叶澜 主编 | |
| 分册: | ||
| 出版信息: | 上海 华东师范大学出版社 1991 |
|
| 页数: | 444页 | |
| 开本: | 20cm | |
| 丛书名: | ||
| 单 册: | ||
| 中图分类: | G40 | |
| 科图分类: | 38.103 | |
| 主题词: | 教育学--jiao yu xue--师范大学--教材 | |
| 电子资源: | ||
| ISBN: | 7-5617-0741-X | |
| 000 | 00698nam0 2200241 450 | |
| 001 | 012006080072 | |
| 005 | 20070611153131.40 | |
| 010 | @a7-5617-0741-X@dCNY12.70 | |
| 100 | @a19920114d1991 em y0chiy0121 ea | |
| 101 | 0 | @achi |
| 102 | @aCN@b310000 | |
| 105 | @ay z 000yy | |
| 200 | 1 | @a新编教育学教程@AXIN BIAN JIAO YU XUE JIAO CHENG@f叶 澜主编 |
| 210 | @a上海@c华东师范大学出版社@d1991 | |
| 215 | @a444页@d20cm | |
| 300 | @a高等师范院校教材 各专业公共课用书 | |
| 517 | 1 | @a教育学教程@AJIAO YU XUE JIAO CHENG |
| 606 | @a教育学@Ajiao yu xue@x师范大学@x教材 | |
| 690 | @aG40 | |
| 692 | @a38.103 | |
| 701 | 0 | @a叶澜@AYE LAN@4主编 |
| 801 | 0 | @aCN@bPFT@c20070611 |
| 905 | @a10447@dG40@e377 | |
| 新编教育学教程/叶 澜主编.-上海:华东师范大学出版社,1991 |
| 444页;20cm |
| 高等师范院校教材 各专业公共课用书 |
| ISBN 7-5617-0741-X:CNY12.70 |
| ● |
| 相关链接 |
|
|
|
|
正题名:新编教育学教程
索取号:G40/377
 
预约/预借
| 序号 | 登录号 | 条形码 | 馆藏地/架位号 | 状态 | 备注 |
| 1 | 0399354 | 203993544 | 第一样本阅览室/ [索取号:G40/377] | 在馆 | |
| 2 | 0399355 | 203993553 | 密集书库/ [索取号:G40/377] | 在馆 | |
| 3 | 0399356 | 203993562 | 第四借阅区/ [索取号:G40/377] | 在馆 | |
| 4 | 0399357 | 203993571 | 密集书库/ [索取号:G40/377] | 在馆 | |
| 5 | 0399358 | 203993580 | 密集书库/ [索取号:G40/377] | 在馆 | |
| 6 | 0399359 | 203993599 | 密集书库/ [索取号:G40/377] | 在馆 | |
| 7 | 0399360 | 203993606 | 密集书库/ [索取号:G40/377] | 在馆 | |
| 8 | 0399361 | 203993615 | 密集书库/ [索取号:G40/377] | 在馆 | |
| 9 | 0399362 | 203993624 | 密集书库/ [索取号:G40/377] | 在馆 | |
| 10 | 0399363 | 203993633 | 密集书库/ [索取号:G40/377] | 在馆 | |
| 11 | 0399364 | 203993642 | 密集书库/ [索取号:G40/377] | 在馆 | |
| 12 | 0517323 | 205173239 | 密集书库/ [索取号:G40/377] | 在馆 | |
| 13 | 0517324 | 205173248 | 密集书库/ [索取号:G40/377] | 在馆 | |
| 14 | 0517325 | 205173257 | 密集书库/ [索取号:G40/377] | 在馆 | |
| 15 | 0628628 | 206286286 | 密集书库/ [索取号:G40/377] | 在馆 | |
| 16 | 0628629 | 206286295 | 密集书库/ [索取号:G40/377] | 在馆 | |
| 17 | 0637314 | 206373146 | 密集书库/ [索取号:G40/377] | 在馆 | |
| 18 | 0637315 | 206373155 | 密集书库/ [索取号:G40/377] | 在馆 | |
| 19 | 0637316 | 206373164 | 密集书库/ [索取号:G40/377] | 在馆 | |
| 20 | 0637317 | 206373173 | 密集书库/ [索取号:G40/377] | 在馆 | |
| 21 | 0637318 | 206373182 | 密集书库/ [索取号:G40/377] | 在馆 | |
| 22 | 0637319 | 206373191 | 密集书库/ [索取号:G40/377] | 在馆 | |
| 23 | 0637320 | 206373208 | 密集书库/ [索取号:G40/377] | 在馆 | |
| 24 | 0637321 | 206373217 | 密集书库/ [索取号:G40/377] | 在馆 | |
| 25 | 0637322 | 206373226 | 密集书库/ [索取号:G40/377] | 在馆 | |
| 26 | 0637323 | 206373235 | 密集书库/ [索取号:G40/377] | 在馆 | |
| 27 | 0637324 | 206373244 | 密集书库/ [索取号:G40/377] | 在馆 | |
| 28 | 0637325 | 206373253 | 密集书库/ [索取号:G40/377] | 在馆 |